000 00294nam a2200121Ia 4500
008 241028s9999 xx 000 0 und d
041 _aeng
082 _a658.401 KHA
100 _aTarun Khanna
245 _aWinning In Emerging Markets
260 _bHbr
_aBoston
_c2010
300 _a247;. P, 21 cm
999 _c42907
_d42907